000
00313nam a22001337a 4500
020
_a
9788131509722
082
_a
001.51
100
_a
Stanley J. Baran
245
_a
Introduction to Mass communication theory
250
_a
5th ed.
260
_a
Andover
_b
Cengage learning
_c
2012
300
_a
312p
942
_c
BK
999
_c
2725
_d
2725